1901 1484 1464 1982 1786 1760 1825 1808 1254 1289 1106 1180 1384 1133 1030 1001 1362 1493 1348 1409 1821 1905 1567 1826 1360 1515 1648 1927 1199 1989 1011 1161 1476 1200 1129 1959 1779 1595 1576 1166 1536 1402 1377 1214 1390 1807 1193 1776 1622 1494 1585 1701 1315 1709 1718 1827 1557 1437 1559 1510 1855 1350 1285 1718 1100 1659 1664 1049 1656 1871 1633 1627 1927 1123 1715 1434 1950 1619 1910 1142 1548 1696 1161 1191 1503 1190 1760 1325 1882 1172 1081 1166 1391 1266 1121 1310 1209 1882 1752 BCNSPRNW ULIB Ver.6.0+V

เปลี่ยนเป็นภาษาไทย

Change to English
 แสดงรายละเอียดบรรณานุกรม
  กลับหน้าหลัก

Brief Record : Get Marc (ISO 2709) : E-mail record : QR code < ปิดหน้าต่าง
LEADER : 00000nam 2200000uu 4500
001    13399114157
003     ULIB
008    110606s||||||||th 000 0 tha d
020    9741321651
060 04 WR140^bย421ต
100 0  ยุพิน ไทยพิสุทธิกุล
245 00 ตจวิทยา = Dermatology /^cยุพิน ไทยพิสุทธิกุล, บรรณาธิการ
246 31 Dermatology
250    พิมพ์ครั้งที่ 3
260    กรุงเทพฯ :^bยูเนี่ยนครีเอชั่น,^c2554
300    164 หน้า :^bภาพประกอบ
504    มีบรรณานุกรมและดรรชนีประกอบ
650  0 Dermatology
650  0 Skin^xDiseases
700 10 ยุพิน ไทยพิสุทธิกุล,^eบรรณาธิการ
945    ^p185^l0^i031187
945    ^p185^l0^i031188
945    ^p185^l0^i031601
995    ทศพร
999 ^a ใช้งานได้ทุกระบบ
รายการนี้ยังไม่มีแท็ก
คุณยังไม่ได้ล็อกอิน คุณสามารถมีกิจกรรมร่วมกับเว็บไซต์ได้ แต่ต้องล็อกอินก่อน ::
  ล็อกอิน

รายการสื่อสารสนเทศ

ลำดับที่ ประเภท เลขเรียก/บาร์โค้ด สถานที่ สถานะ
1. วิทยาศาสตร์การแพทย์ และสุขภาพ
หนังสือสำรอง
สถานะ=หนังสือสำรอง
WR140 ย421ต ฉ.1 
  Barcode: 031187
ห้องสมุดวิทยาเขตสวรรค์ประชารักษ์
►ส่วนจัดเก็บหนังสือเก่า สปร
บนชั้น
  ขอยืม
2. วิทยาศาสตร์การแพทย์ และสุขภาพ
วิทยาศาสตร์การแพทย์ และสุขภาพ
WR140 ย421ต ฉ.2 
  Barcode: 031188
ห้องสมุดวิทยาเขตสวรรค์ประชารักษ์
►ส่วนจัดเก็บหนังสือเก่า สปร
บนชั้น
  ขอยืม
3. วิทยาศาสตร์การแพทย์ และสุขภาพ
วิทยาศาสตร์การแพทย์ และสุขภาพ
WR140 ย421ต ฉ.3 
  Barcode: 031601
ห้องสมุดวิทยาเขตสวรรค์ประชารักษ์
►ส่วนจัดเก็บหนังสือเก่า สปร
บนชั้น
  ขอยืม

รายการใกล้เคียง
    ผู้แต่ง [ยุพิน ไทยพิสุทธิกุล]

    หัวเรื่อง [Dermatology]
    หัวเรื่อง [Skin Diseases]

BibComment


ยังไม่เคยถูกคอมเมนท์

คอมเมนท์ทรัพยากรรายการนี้
  คอมเมนท์: ตจวิทยา Dermatol..


 Copyright 2026. Bcnsprnw @Library